000 00447nam a22001097a 4500
999 _c509263
_d509263
100 _aTrivedi, Harshad R.
_94874
245 _aSome aspects of role of panchayats and institutional arrangements for canal irrigation in two Talukas of Ahmedabad district
_cby Harshad R. Trivedi
260 _aAhmedabad
_bInstitute of Cultural and Urban Anthropology
_c1982
300 _a73p.
650 _aPanchayats - India - Ahmedabad
_94875
650 _aIrrigation
_94876